<?xml version="1.0" encoding="UTF-8"?>
<record
    xmlns:xsi="http://www.w3.org/2001/XMLSchema-instance"
    xsi:schemaLocation="http://www.loc.gov/MARC21/slim http://www.loc.gov/standards/marcxml/schema/MARC21slim.xsd"
    xmlns="http://www.loc.gov/MARC21/slim">

  <leader>00955cam a2200181   4500</leader>
  <controlfield tag="005">20251003080526.0</controlfield>
  <controlfield tag="008">031006s1996    Ag            000 0 spa u</controlfield>
  <datafield tag="020" ind1=" " ind2=" ">
    <subfield code="a">9509714836</subfield>
  </datafield>
  <datafield tag="050" ind1="0" ind2="4">
    <subfield code="a">KHA472</subfield>
    <subfield code="b">C34 1996</subfield>
  </datafield>
  <datafield tag="100" ind1="1" ind2=" ">
    <subfield code="a">Cahi&#xE1;n, Adolfo</subfield>
  </datafield>
  <datafield tag="245" ind1="1" ind2="0">
    <subfield code="a">Derecho de las fundaciones </subfield>
    <subfield code="b"> : Constituci&#xF3;n de las fundaciones, Objeto y patrimonio fundacionales, Fundaciones: gobierno y administraci&#xF3;n, Disoluci&#xF3;n y liquidaci&#xF3;n, R&#xE9;gimen de fiscalizaci&#xF3;n, Solicitud de personer&#xED;a jur&#xED;dica y de aprobaci&#xF3;n de reformas estatutarias, Presentaci&#xF3;n de documentaci&#xF3;n ante el consejo de administraci&#xF3;n, Modelos, Tramitaciones, R&#xE9;gimen contable e impositivo, Normativa legal y reglamentaria </subfield>
    <subfield code="c"> / Adolfo Cahi&#xE1;n ; pr&#xF3;logo de Avelino Porto</subfield>
  </datafield>
  <datafield tag="250" ind1=" " ind2=" ">
    <subfield code="a">1a ed.</subfield>
  </datafield>
  <datafield tag="260" ind1=" " ind2=" ">
    <subfield code="a">Buenos Aires : </subfield>
    <subfield code="b">Ediciones La Rocca, </subfield>
    <subfield code="c">1996</subfield>
  </datafield>
  <datafield tag="300" ind1=" " ind2=" ">
    <subfield code="a">429 p. : </subfield>
    <subfield code="c">23 cm.</subfield>
  </datafield>
  <datafield tag="650" ind1=" " ind2="4">
    <subfield code="a">Fundaciones </subfield>
    <subfield code="z">Argentina</subfield>
  </datafield>
  <datafield tag="700" ind1="1" ind2=" ">
    <subfield code="a">Porto, Avelino, </subfield>
    <subfield code="e">prologuista</subfield>
  </datafield>
  <datafield tag="942" ind1=" " ind2=" ">
    <subfield code="2">lcc</subfield>
    <subfield code="c">LIB</subfield>
  </datafield>
  <datafield tag="999" ind1=" " ind2=" ">
    <subfield code="c">135810</subfield>
    <subfield code="d">135810</subfield>
  </datafield>
  <datafield tag="952" ind1=" " ind2=" ">
    <subfield code="1">0</subfield>
    <subfield code="2">lcc</subfield>
    <subfield code="4">0</subfield>
    <subfield code="7">0</subfield>
    <subfield code="a">LIC-002</subfield>
    <subfield code="b">LIC-002</subfield>
    <subfield code="c">GENERAL</subfield>
    <subfield code="d">2020-02-18</subfield>
    <subfield code="f">1a ed.</subfield>
    <subfield code="k">CA</subfield>
    <subfield code="o">KHA472 C34 1996</subfield>
    <subfield code="p">BFD000012201</subfield>
    <subfield code="r">2020-02-18 00:00:00</subfield>
    <subfield code="t">1</subfield>
    <subfield code="v">1.00</subfield>
    <subfield code="y">LIB</subfield>
  </datafield>
</record>
